• 首页
  • 本馆介绍
  • 公告通知
  • 最新文献
  • 馆藏检索
  • 电子资源
  • 读者导购
  • 参考咨询
  • 我的图书馆
  • 登录
  • 详细信息显示
  • 放入我的书架
  • 预约/预借图书
  • 作者相关作品
  • 分类相关作品
  • 丛书相关作品
  • 出版社相关作品

书目信息

  • 表格格式
  • 工作单格式
  • 卡片格式
题名:
现代文学作品选读
    
 
作者: ;临沂师专中文系 编
分册: 上册  
出版信息: 济南   山东省教育局  1978.11
页数: 288页
开本: 19cm
丛书名:
单 册:
中图分类: I206.6 , G633.3
科图分类:
主题词: 教育--各级
电子资源:
ISBN:
000 00592nam0 2200205 45
001 0306171496
005 20060726102643.57
010    @dCNY1.78
100    @a20030617d1978 km y0chiy0120 ea
101 0  @achi
200 1  @a现代文学作品选读@AXian Dai Wen Xue Zuo Pin Xuan Du@h上册@f临沂师专中文系编@FLin Yi Shi Zhuan ZhongWen Xi Bian
210    @a济南@c山东省教育局@d1978.11
215    @a288页@d19cm
304    @a山东省中学教师培训教材
606 0  @a教育@x各级
690    @aI206.6@v4
690    @aG633.3@v3
711 02 @a临沂师专中文系@4编
801    @aCN@bTSTC@c20060726
905    @dG633.3@e395:1
    
    现代文学作品选读.上册/临沂师专中文系编.-济南:山东省教育局,1978.11
    288页;19cm
    
    
    ISBN :CNY1.78
    
●
相关链接 在E读中查询图书 在五车中查询图书 在当当中查询图书 在豆瓣中查询图书


正题名:现代文学作品选读     索取号:G633.3/395:1         预约/预借

序号 登录号 条形码 馆藏地/架位号 状态 备注
1 0011551   001924859   密集书库/ [索取号:G633.3/395:1] 在馆    
2 0011552   001805568   密集书库/ [索取号:G633.3/395:1] 在馆    
3 0011553   202136054   密集书库/ [索取号:G633.3/395:1] 在馆    
4 0011554   202135974   密集书库/ [索取号:G633.3/395:1] 在馆    
5 0011555   000051222   第四借阅区/ [索取号:G633.3/395:1] 在馆    
6 0011556   001805648   密集书库/ [索取号:G633.3/395:1] 在馆    
7 0011558   001805522   密集书库/ [索取号:G633.3/395:1] 在馆    
8 0011563   202225207   密集书库/ [索取号:G633.3/395:1] 在馆    
9 0011564   202180255   密集书库/ [索取号:G633.3/395:1] 在馆    
10 0011566   001805489   密集书库/ [索取号:G633.3/395:1] 在馆    
11 0011568   001805602   密集书库/ [索取号:G633.3/395:1] 在馆    
12 0011569   001924868   密集书库/ [索取号:G633.3/395:1] 在馆    
13 0011570   001805684   密集书库/ [索取号:G633.3/395:1] 在馆    
14 0424717   204247172   密集书库/ [索取号:G633.3/395:1] 在馆    
15 0424718   204247181   密集书库/ [索取号:G633.3/395:1] 在馆    
16 0424721   204247216   密集书库/ [索取号:G633.3/395:1] 在馆    
17 0424832   204248322   密集书库/ [索取号:G633.3/395:1] 在馆    
唐山师范学院图书馆 欢迎您!
大连网信软件有限公司© 版权所有